000 00669nam a22001935i 4500
001 48750
003 ES-MaACL
005 20230906161819.0
007 t|
008 950727s1859 fr ||||1| fre d
080 _a821.111-31"18"
100 1 _aDickens, Charles.
_944489
245 1 4 _aLes temps difficiles /
_cpar Ch. Dickens v; roman anglais traduit avec l'autorisation de l'auteur sous la direction de P. Lorain par William Hugues.
260 _aParis :
_bL. Hachette et Cie.,
_c1859 (
_fCh. Lahure et Cie.)
300 _aVIII, 330 p. ;
_c18 cm.
700 1 _aLorain, Paul (
_d1799-1861)
_974061
700 1 _aHugues, William.
_964638
852 4 _aES-MaACL
_jF-11055
999 _c48750
_d48750